Countries, who is my neighbours neighbour? Chad - Statistics

General Stats
  • This quiz has been taken 44 times
  • The average score is 11 of 13
Answer Stats
Answer % Correct
Mali
97%
Algeria
95%
Congo
95%
Egypt
95%
South Sudan
95%
Ethiopia
92%
Tunisia
92%
Burkina Faso
87%
Eritrea
84%
Gabon
84%
Benin
82%
Equatorial Guinea
66%
Democratic Republic of the Congo
50%
No matching quizzes found
Score Distribution
Percent of People with Each Score
Percentile by Number Answered
Your Score History
You have not taken this quiz